| 000 | 00550nam a22001697a 4500 | ||
|---|---|---|---|
| 003 | NUST | ||
| 038 | _aNusrat Nadeem | ||
| 082 | _a200 | ||
| 100 |
_aAkhtar, Ahmad Naeem _9124450 |
||
| 245 |
_aSpectrum Decision Support Framework For Cognitive Radio Networks/ _cAhmad Naeem Akhtar, |
||
| 264 |
_aRawalpindi; _bMCS NUST; _c2018. |
||
| 300 |
_a98,p; _bill; _c30,cm. |
||
| 650 |
_aPh.D-Electrical Engineering _9124451 |
||
| 700 |
_aSuperviseor:Dr. Fahim Arif _9124452 |
||
| 856 | _uhttp://10.250.8.41:8080/xmlui/handle/123456789/3743 | ||
| 942 |
_2ddc _cSC |
||
| 999 |
_c610307 _d610307 |
||